000 00618cam a22002053a 4500
001 44502
003 PGUSA
005 20140828084021.0
008 131224s2013||||xxu|||||s|||||000 | eng d
040 _aPGUSA
_beng
042 _adc
100 1 _aWilliams, Henry Smith,
_d1863-1943
245 1 0 _aEvery-day Science :
_bVolume VI. The Conquest of Nature
_h[electronic resource] /
_cHenry Smith Williams
260 _bProject Gutenberg,
_c2013
506 _aPublic domain in the USA.
516 _aElectronic text
830 0 _aProject Gutenberg
_v44502
856 4 0 _uhttp://www.gutenberg.org/ebooks/44502
942 _cEB
999 _c273753
_d273753